| 000 | 00936cam a22002413a 4500 | ||
|---|---|---|---|
| 001 | 20972 | ||
| 003 | PGUSA | ||
| 005 | 20140828083439.0 | ||
| 008 | 070404s2007||||xxu|||||s|||||000 | eng d | ||
| 040 |
_aPGUSA _beng |
||
| 042 | _adc | ||
| 050 | 4 | _aPZ | |
| 100 | 1 |
_aPerrault, Charles, _d1628-1703 |
|
| 245 | 1 | 0 |
_aHistoires ou Contes du temps passé avec des moralités _h[electronic resource] / _cCharles Perrault |
| 260 |
_bProject Gutenberg, _c2007 |
||
| 505 | 0 | _aLe petit Chaperon rouge -- Les Fées -- La Barbe bleue -- La Belle au Bois dormant -- Le Maître Chat, ou le Chat botté -- Cendrillon, ou la petite Pantoufle de verre -- Riquet à la Houpe -- Le petit Poucet -- L'adroite Princesse, ou les aventures de Finette. | |
| 506 | _aPublic domain in the USA. | ||
| 516 | _aElectronic text | ||
| 653 | _aFairy tales | ||
| 830 | 0 |
_aProject Gutenberg _v20972 |
|
| 856 | 4 | 0 | _uhttp://www.gutenberg.org/ebooks/20972 |
| 942 | _cEB | ||
| 999 |
_c250227 _d250227 |
||